000
00284nam a22001097a 4500
082
_a
512.9 FLE'B
100
_a
FLEG, H.G
_9
80320
245
_a
BOOLEAN ALGEBRA AND ITS APPLICATION INCLUDING BOOLAN MATRIX ALGEBRA
260
_a
NEWYORK
_b
JOHN WILEY
_c
1964
300
_a
261P
942
_c
BK
999
_c
585272
_d
585272